| 000 | 00524nam a2200193Ia 4500 | ||
|---|---|---|---|
| 003 | GCL | ||
| 008 | 140319s9999 xx 000 0 aFre d | ||
| 020 | _a1564963365 | ||
| 040 |
_aGCL / _cGCL |
||
| 082 | 0 | 4 |
_a741.6 _bR D |
| 245 | 1 | 0 | _aDIGITAL GRAPHICS |
| 260 |
_aنيويورك : _bROCKPORT PUBLISHERS INC. ، _c1997 |
||
| 300 |
_a79 P _bILLS. ؛ _c30 cm. |
||
| 490 |
_aDESIGN LIBRARY _v0 |
||
| 650 | 0 | 4 | _aGRAPHIC ARTS |
| 650 | 0 | 4 | _aGRAPHIC THEORY - DATA PROCESSING |
| 650 | 0 | 4 | _aGRAPHIC DATA PROCESSING |
| 942 |
_2ddc _cBK |
||
| 999 |
_c1226 _d1226 |
||